Logo biblioteca
Santa Fe 2917, Rosario, Santa Fe
Lu-Vi 8 a 19.45
+54-341-4232362
bibliotecaeudoro@gmail.com
Facebook Biblioteca Pedagógica
Sitio web

El aprendizaje basado en problemas como herramienta de motivación / (Registro nro. 32668)

Detalles MARC
000 -CABECERA
campo fijo de control de longitud 01359nab a2200277 4500
003 - IDENTIFICADOR DEL NÚMERO DE CONTROL
campo de control AR-RoBPED
005 - FECHA Y HORADE LA ULTIMA TRANSACCION
campo de control 20260429152454.0
008 - ELEMENTOS DE LONGITUD FIJA--INFORMACION GENERAL
campo fijo de control de longitud 260429b |||||||| |||| 00| 0 spa d
040 ## - FUENTE CATALOGADORA
Centro catalogador/agencia de origen AR-RoBPED
041 ## - IDIOMA
Código de idioma para texto/pista de sonido o título independiente spa
100 1# - ENCABEZAMIENTO PRINCIPAL--AUTOR PERSONAL
Nombre de persona Franzé, Micaela
9 (RLIN) 30837
Función Licenciada en Psicología
245 1# - TITULO
Título El aprendizaje basado en problemas como herramienta de motivación /
260 ## - PUBLICACION
Lugar Buenos Aires :
Editor Noveduc,
Fecha 2023
300 ## - DESCRIPCION FISICA
Extensión 22-26 p.
500 ## - NOTA GENERAL
Nota general ¿Cómo una estrategia didáctica puede impactar en el proceso motivacional de estudiantes y docentes de carreras de profesorado? Se comparte la experiencia de implementar el método de aprendizaje basado en problemas en la asignatura Psicología de los profesorados en Nivel Medio y Superior en Física, en Química y en Lengua y Literatura de la Universidad Nacional de Río Negro.
650 #7 - TERMINO DE MATERIA--CONTROLADO
Término controlado APRENDIZAJE
9 (RLIN) 560
Término controlado METODOS EDUCACIONALES
9 (RLIN) 9285
Término controlado FORMACION DE DOCENTES
9 (RLIN) 1259
Término controlado METODOLOGIA
9 (RLIN) 1177
Término controlado MOTIVACION DEL ALUMNO
9 (RLIN) 5137
Término controlado EXPERIENCIA DEL DOCENTE
9 (RLIN) 14611
700 1# - ENCABEZAMIENTO SECUNDARIO--AUTOR PERSONAL
Nombre de persona Quevedo, Mónica
9 (RLIN) 30838
Función Licenciada en Psicología
773 0# - DOCUMENTO FUENTE
Host Biblionumber 20414
Host Itemnumber 40098
Place, publisher, and date of publication Buenos Aires : Noveduc, 1993-
Título Novedades Educativas
Record control number (AR-RoBPED)20414
International Standard Serial Number 03283534
942 ## - ELEMENTOS KOHA
Fuente de clasificación Universal Decimal Classification
Koha tipo de ítem Revistas
Clasificación 37(05)
Signatura librística Nov 86 N° 393 (Dic.2023)
Número Koha k.32668
945 ## - PROCESAMIENTO DE LA INFORMACIÓN LOCAL
Catalogador y fecha mar 04/2026

No hay ítems disponibles.